000
00461nam a2200145Ia 4500
008
090124s9999 xx 000 0 und d
082
_b
202705
245
_a
कालिदासकृत - मेघदूत
250
_a
3
260
_b
गोसावी श्रीराम
_c
1981
300
_a
20
630
_a
कालिदासकृत - मेघदूत
730
_a
कालिदासकृत - मेघदूत
942
_c
BOOK
999
_c
184286
_d
184286